Հայաստանի կերպարվեստի ցուցահանդեսի կատալոգ / (Record no. 259381)
[ view plain ]
| 000 -LEADER | |
|---|---|
| fixed length control field | 00976n m a2200193 u 4500 |
| 001 - CONTROL NUMBER | |
| control field | 000700648 |
| 003 - CONTROL NUMBER IDENTIFIER | |
| control field | AM-YeHGA |
| 005 - DATE AND TIME OF LATEST TRANSACTION | |
| control field | 20250617142524.0 |
| 008 - FIXED-LENGTH DATA ELEMENTS--GENERAL INFORMATION | |
| fixed length control field | 091201s1945 r 000 0 eng d |
| 040 ## - CATALOGING SOURCE | |
| Original cataloging agency | AM-YeHGA |
| 090 ## - LOCALLY ASSIGNED LC-TYPE CALL NUMBER (OCLC); LOCAL CALL NUMBER (RLIN) | |
| -- | 260991 |
| 111 1# - MAIN ENTRY--MEETING NAME | |
| Meeting name or jurisdiction name as entry element | Հայաստանի կերպարվեստի ցուցահանդես |
| Date of meeting or treaty signing | (1948 : |
| Location of meeting | Երևան) |
| 245 10 - TITLE STATEMENT | |
| Title | Հայաստանի կերպարվեստի ցուցահանդեսի կատալոգ / |
| Statement of responsibility, etc. | Արվեստի գործ. վարչ. ՀՍԺԿԽ-ին; Հայաստ. սովետ. կերպարվեստագետն. միութ.; Հայաստ. կերպարվեստի տուն. |
| Medium | [պատկերանյութ] |
| 260 ## - PUBLICATION, DISTRIBUTION, ETC. | |
| Place of publication, distribution, etc. | Երևան : |
| Name of publisher, distributor, etc. | Ա. հ., |
| Date of publication, distribution, etc. | 1945. |
| 300 ## - PHYSICAL DESCRIPTION | |
| Extent | 37 էջ ; |
| Dimensions | 14 սմ. |
| 710 2# - ADDED ENTRY--CORPORATE NAME | |
| Corporate name or jurisdiction name as entry element | Արվեստի գործերի վարչություն ՀՍԺԿԽ-ին |
| 710 2# - ADDED ENTRY--CORPORATE NAME | |
| Corporate name or jurisdiction name as entry element | Հայաստանի սովետական կերպարվեստագետների միություն |
| 710 2# - ADDED ENTRY--CORPORATE NAME | |
| Corporate name or jurisdiction name as entry element | Հայաստանի կերպարվեստի տուն |
| Withdrawn status | Lost status | Source of classification or shelving scheme | Damaged status | Not for loan | Collection | Home library | Current library | Date acquired | Total checkouts | Full call number | Barcode | Date last seen | Price effective from | Koha item type | Public note |
|---|---|---|---|---|---|---|---|---|---|---|---|---|---|---|---|
| Universal Decimal Classification | Levonyan Individual Collection | Fundamental Scientific Library | Fundamental Scientific Library | 29/12/2016 | Լեվ/1760 | FL0406171 | 29/12/2016 | 29/12/2016 | Գրքեր / Books | ILL Non-Circ. |
ՀՀ Գիտությունների ազգային ակադեմիայի հիմնարար գիտական գրադարան = Fundamental Scientific Library of NAS RA
All site content, except where otherwise noted, is licensed under a